Vista normal
Vista MARC
Entrada Personal Name
Número de registros utilizados en: 4
001 - CONTROL NUMBER
- control field: 17450
003 - CONTROL NUMBER IDENTIFIER
- control field: Mx-PuUPA
005 - DATE AND TIME OF LATEST TRANSACTION
- control field: 20250910170414.0
008 - FIXED-LENGTH DATA ELEMENTS
- fixed length control field: 250910|| aca||aabn | a|a d
040 ## - CATALOGING SOURCE
- Original cataloging agency: Mx-PuUPA
- Language of cataloging: spa
- Transcribing agency: Mx-PuUPA
- Modifying agency: Mx-PuUPA
- Description conventions: rda
100 1# - HEADING--PERSONAL NAME
- Personal name: Cordero Arce, María Teresa,
374 ## - OCCUPATION
- Occupation: Coordinadora general de proyecto
375 ## - GENDER
- Gender: mujer
377 ## - ASSOCIATED LANGUAGE
- Language code: spa
400 1# - SEE FROM TRACING--PERSONAL NAME
- Personal name: Arce, María Teresa Cordero
670 ## - SOURCE DATA FOUND
- Source citation: Antigua Catedral de Puebla, 2018:
- Information found: t.p. (María Teresa Cordero Arce) de portada